Europar Chamu Buranji (1789-1939) (Record no. 5078)

MARC details
000 -LEADER
fixed length control field 00521cam a2200193ua 4500
001 - CONTROL NUMBER
control field 5929
005 - DATE AND TIME OF LATEST TRANSACTION
control field 20260515113945.0
008 - FIXED-LENGTH DATA ELEMENTS--GENERAL INFORMATION
fixed length control field 131029n ii |||gr||||Z||||||asm
040 ## - CATALOGING SOURCE
Transcribing agency MAIN
082 ## - DEWEY DECIMAL CLASSIFICATION NUMBER
Classification number 940
100 ## - MAIN ENTRY--PERSONAL NAME
Personal name Baruah,Prafulla Kr,
Relator term Author.
245 ## - TITLE STATEMENT
Title Europar Chamu Buranji (1789-1939)
Statement of responsibility, etc. by Prafulla Kr. Baruah
250 ## - EDITION STATEMENT
Edition statement 4th Rev Ed.
260 ## - PUBLICATION, DISTRIBUTION, ETC.
Place of publication, distribution, etc. Guwahati:
Name of publisher, distributor, etc. Banalata Publications ,
Date of publication, distribution, etc. 2005.
300 ## - PHYSICAL DESCRIPTION
Extent 306p.
653 ## - INDEX TERM--UNCONTROLLED
Uncontrolled term History of Europe
653 ## - INDEX TERM--UNCONTROLLED
Uncontrolled term Europar Chamu Buranji (1789-1939)
942 ## - ADDED ENTRY ELEMENTS (KOHA)
Koha item type Books
Holdings
Withdrawn status Lost status Damaged status Not for loan Home library Current library Shelving location Date acquired Total checkouts Full call number Barcode Date last seen Date last checked out Copy number Price effective from Koha item type
        Naharkatiya College Library Naharkatiya College Library General stacks 09/19/2020 8 940 | BAR 16087 01/07/2026 12/17/2025 3 09/19/2020 Books
        Naharkatiya College Library Naharkatiya College Library General stacks 09/19/2020 9 940 | BAR 16088 03/27/2023 03/09/2023 2 09/19/2020 Books
        Naharkatiya College Library Naharkatiya College Library General stacks 09/19/2020 11 940 | BAR 16089 05/25/2024 04/08/2024 1 09/19/2020 Books